| 000 | 00992nam0a22002531 4500 | ||
|---|---|---|---|
| 001 | rc\396859 | ||
| 005 | 20030616165601.8 | ||
| 035 | _a(NLR Aleph) 005646062 | ||
| 090 |
_a6720330 _c6720330 |
||
| 100 | _a20030616d1989 u |0rusy50 ca | ||
| 101 | 0 | _arus | |
| 102 | _aRU | ||
| 105 | _ay ||||||||| | ||
| 200 | 1 |
_aСАХАРНЫЙ диабет в хирургической практике _eМетод. рекомендации _fМ-во здравоохранения РСФСР, Ставроп. гос. мед. ин-т _g[Сост. к. м. н., доц. Г.А. Александрович и др.] |
|
| 210 |
_aСтаврополь _cСтавроп. правда _d1989 |
||
| 215 |
_a10 с. _d20 |
||
| 320 | _aБиблиогр.: с. 10 | ||
| 702 | 1 |
_aАлександрович _bГ. А. _4220 |
|
| 712 | 0 | 2 |
_aСтавропольский мед. ин-т _3RU\NLR\AUTH\889927670 |
| 801 | 0 |
_aRU _bNLR _gpsbo |
|
| 801 | 1 |
_aRU _bELAR _2rusmarc |
|
| 852 |
_aNLR _j89-4/16891 |
||
| 942 | _cBOOK | ||
| 980 | _aNB | ||